000
00295nam a22001337a 4500
008
170306b xxu||||| |||| 00| 0 eng d
020
_a
9781929007110
041
_a
eng
080
_2
3RD
_a
611
100
_a
6
101
_a
SHM
245
_a
ATLAS OF HUMAN ANATOMY
_c
NETTER, F.H
942
_2
udc
_c
BK
999
_c
6931
_d
6931